000 00539nam a2200217Ia 4500
003 OSt
005 20221007082820.0
006 a|||||r|||| 00| 0
007 ta
008 221006b |||||||| |||| 00| 0 eng d
024 _a21,355
037 _cDissertations
040 _aFLL
_cFLL
_beng
041 _2eng
_aeng
100 _aJoshi Nidhi
_9699543
245 0 _aPatent regime for pharmaceutical products in india
260 _c2005
300 _a169p
_ccm.
942 _cDIS
_2CC
999 _c1167828
_d1167828